000 00708nam a22002297a 4500
005 20170124110104.0
010 _aA-953902
020 _c00.00
_a8186803270
035 _aA-953902
037 _bCen Lib/Ret
040 _aDPL
_bEN
082 _a954.0841
_bDAS
100 _aDas, Hari Hara
_927793
245 _aThe history of freedom movement in India 1857-1947 /
_cby Hari Hara Das
260 _aJaipur
_bNational Publishing House
_c1998
270 _a337, Choura Rasta
_bJaipur
_e30223
300 _a170p.
_c20cm(Hb)
500 _aIncludes bibliographical reference
650 _aIndian History
_927794
650 _aFreedom Struggle
_927795
942 _2ddc
_cEN
_h954.0841
_mDAS
999 _c129922
_d129922